00430nam a2200145Ia 4500020001800000082001600018100001600034245006900050260004500119300001300164504001900177650003200196650002200228650003400250 a0-19-568113-4 a306.6 MAD-I aMadan, T.N. 0aImages of the world: essays on religion, secularism, and culture aNew DelhibOxford University Pressc2006 axii, 398 aincludes index aReligion and culturezIndia aSecularismzIndia aReligion and sociologyzIndia